[Event "Bundesliga 8283"]
[Site "Germany"]
[Date "1983.??.??"]
[Round "?"]
[White "Sosonko, Gennadi"]
[Black "Herbrechtsmeier, Christof"]
[Result "1-0"]
[WhiteElo "2585"]
[BlackElo "2320"]
[PlyCount "35"]
[EventDate "1982.10.??"]
[Source "ChessBase"]
[SourceDate "1999.07.01"]

1. d4 Nf6 2. c4 g6 3. Nc3 d5 4. Nf3 Bg7 5. Qb3 dxc4 6. Qxc4 O-O 7. e4 Nc6 8. Be2 a5 9. O-O Nd7 10. Rd1 Nb6 11. Qc5 Bg4 12. d5 Nd7 13. Qe3 Nb4 14. Ne1 Bxe2 15. Qxe2 f5 16. Nf3 f4 17. Ng5 Ne5 18. Bxf4 1-0

[Event "Mayors Cup Open"]
[Site "Mumbai IND"]
[Date "2008.05.17"]
[Round "9"]
[White "Gagunashvili, M."]
[Black "Shivananda, B."]
[Result "1-0"]
[WhiteElo "2553"]
[BlackElo "2330"]
[PlyCount "83"]
[EventDate "2008.05.11"]
[Source "www.chesslib.no"]
[SourceDate "2004.05.04"]

1. Nf3 Nf6 2. c4 g6 3. Nc3 d5 4. d4 Bg7 5. Qb3 dxc4 6. Qxc4 O-O 7. e4 Nc6 8. Be2 Nd7 9. Be3 Nb6 10. Qc5 Bg4 11. Rd1 Qd6 12. e5 Qxc5 13. dxc5 Nd7 14. h3 Be6 15. Ng5 Ndxe5 16. Nxe6 fxe6 17. f4 Bh6 18. O-O Rad8 19. g3 Nb4 20. Nb5 Nd5 21. Bc1 Nd7 22. c6 bxc6 23. Nxa7 Nb8 24. Bg4 Rd6 25. Rde1 Bg7 26. Re4 Nd7 27. Rxe6 Bd4+ 28. Kg2 Bxa7 29. Rxd6 exd6 30. Bxd7 Ne7 31. Re1 Kf7 32. f5 Nxf5 33. Bxc6 Kg7 34. Bd2 Bd4 35. Bc3 Rb8 36. Re2 Rb6 37. Bd7 Bxc3 38. bxc3 Kf6 39. a4 d5 40. a5 Ra6 41. Bxf5 c5 42. Bb1 1-0

[Event "AUT-chT 9697"]
[Site "Austria"]
[Date "1996.??.??"]
[Round "3"]
[White "Herndl, Harald"]
[Black "Horvath, Jozsef"]
[Result "0-1"]
[WhiteElo "2365"]
[BlackElo "2515"]
[PlyCount "50"]
[EventDate "1996.??.??"]
[Source "ChessBase"]

1. d4 Nf6 2. c4 g6 3. Nc3 d5 4. Nf3 Bg7 5. Qb3 dxc4 6. Qxc4 O-O 7. e4 Nc6 8. d5 Na5 9. Qd3 c6 10. dxc6 Nxc6 11. Qxd8 Rxd8 12. Be2 b6 13. O-O Bb7 14. Bf4 Nb4 15. a3 Nd3 16. Bxd3 Rxd3 17. Rfe1 Nd7 18. Rac1 Nc5 19. Re2 Rad8 20. Be5 Bh6 21. Rb1 Nxe4 22. Nxe4 Rd1+ 23. Rxd1 Rxd1+ 24. Ne1 Ba6 25. Nc3 Ra1 0-1

[Event "Philadelphia NCC 33rd"]
[Site "?"]
[Date "2002.11.30"]
[Round "4"]
[White "Shabalov Alexander"]
[Black "Bengtson Matthew"]
[Result "1-0"]
[WhiteElo "2613"]
[BlackElo "2266"]
[PlyCount "64"]
[EventDate "2002.??.??"]
[Source "www.chesslib.no"]
[SourceDate "2004.05.04"]

1. d4 Nf6 2. c4 g6 3. Nc3 d5 4. Nf3 Bg7 5. Qb3 dxc4 6. Qxc4 O-O 7. e4 Nc6 8. Bg5 Bg4 9. O-O-O Nd7 10. e5 Nb6 11. Qc5 f6 12. Be3 Bxf3 13. gxf3 e6 14. f4 Ne7 15. h4 Qd7 16. h5 Nbd5 17. Bd3 Qc6 18. Qa3 a6 19. Kb1 f5 20. Nxd5 Nxd5 21. Bd2 Kf7 22. Be2 a5 23. Qg3 Ne7 24. Bc3 Qe4+ 25. Bd3 Qd5 26. Qg5 Rh8 27. h6 Bf8 28. Qf6+ Kg8 29. Bb5 c6 30. Bc4 Qxc4 31. d5 Bxh6 32. Qxe7 Bxf4 1-0

[Event "Philadelphia Open"]
[Site "Philadelphia, PA USA"]
[Date "1987.??.??"]
[Round "?"]
[White "Gulko, Boris F"]
[Black "Finegold, Benjamin"]
[Result "1-0"]
[WhiteElo "2525"]
[BlackElo "2345"]
[PlyCount "131"]
[EventDate "1987.06.??"]
[Source "www.chesslib.no"]
[SourceDate "2004.05.04"]

1. d4 Nf6 2. c4 g6 3. Nc3 d5 4. Nf3 Bg7 5. Qb3 dxc4 6. Qxc4 O-O 7. e4 Nc6 8. e5 Nd7 9. Be2 Na5 10. Qd5 c5 11. dxc5 Nc6 12. e6 fxe6 13. Qxe6+ Kh8 14. Qe3 Nb4 15. Qe4 a5 16. O-O Nxc5 17. Qh4 Bf5 18. Bg5 Rf7 19. Bc4 Be6 20. Be3 Bf6 21. Ng5 Bxg5 22. Bxg5 Bxc4 23. Qxc4 Rf5 24. Be3 Ncd3 25. Rad1 Qc8 26. Qb3 Qg8 27. Qxg8+ Kxg8 28. Rd2 Ne5 29. b3 Rc8 30. Ne4 Ng4 31. Bg5 Rd5 32. a3 Rxd2 33. Bxd2 Nc6 34. Rc1 Rd8 35. Bc3 Nd4 36. Bxd4 Rxd4 37. f3 Nf6 38. Nxf6+ exf6 39. Rc8+ Kg7 40. Rc7+ Kh6 41. Rxb7 a4 42. bxa4 Rd3 43. a5 Rxa3 44. Rb5 Ra2 45. g4 g5 46. h3 Kg6 47. Kf1 h5 48. Kg1 Kh6 49. Rf5 Kg6 50. Rc5 Kh6 51. Kf1 Kg6 52. Ke1 Ra3 53. Ke2 Ra2+ 54. Kd1 Ra3 55. Rf5 Ra2 56. Rd5 Ra3 57. Ke2 Kh6 58. Rf5 Kg6 59. Kd2 Ra2+ 60. Ke3 Ra4 61. Kd3 Ra2 62. Kc4 Rh2 63. a6 Rxh3 64. a7 hxg4 65. a8=Q Kxf5 66. Qe4# 1-0

[Event "Campionato europeo 2007"]
[Site "Dresda GER"]
[Date "2007.04.12"]
[Round "9.125"]
[White "Volke, Karsten"]
[Black "Brendel, Oliver"]
[Result "1/2-1/2"]
[WhiteElo "2490"]
[BlackElo "2370"]
[PlyCount "116"]
[EventDate "2007.04.03"]
[Source "www.chesslib.no"]
[SourceDate "2004.05.04"]

1. d4 Nf6 2. c4 g6 3. Nc3 d5 4. Nf3 Bg7 5. Qb3 dxc4 6. Qxc4 O-O 7. e4 Nc6 8. e5 Nd7 9. Be3 Nb6 10. Qc5 a5 11. Be2 Nb4 12. O-O c6 13. Ne4 Bf5 14. Ng3 Bd3 15. Qc1 Bxe2 16. Nxe2 a4 17. Bh6 N4d5 18. Ng3 Qd7 19. Re1 Qe6 20. Ne4 Nd7 21. Bxg7 Kxg7 22. Neg5 Qf5 23. e6 f6 24. exd7 fxg5 25. Nxg5 Qxf2+ 26. Kh1 Kg8 27. Ne6 Rfd8 28. Qh6 Qf6 29. Nxd8 Rxd8 30. Qh3 Qf5 31. Qxf5 gxf5 32. Re5 f4 33. g3 fxg3 34. Rg1 Rxd7 35. Rxg3+ Kf7 36. Ra3 b5 37. Rf3+ Nf6 38. Rf4 Rd6 39. Kg1 Ke8 40. Rh4 Kd7 41. Kf1 h6 42. a3 Nd5 43. Reh5 Rf6+ 44. Ke1 Nf4 45. Rxh6 Ng2+ 46. Ke2 Nxh4 47. Rxh4 Kd6 48. Rh5 Rf4 49. Ke3 Rf1 50. Kd3 Rf3+ 51. Kd2 Rf2+ 52. Kc3 Rf3+ 53. Kd2 Rf2+ 54. Kc3 e6 55. Rh3 Re2 56. Rh5 Rf2 57. Rh4 Rg2 58. Rh8 Rf2 1/2-1/2

[Event "Groningen op"]
[Site "Groningen"]
[Date "1999.12.22"]
[Round "4"]
[White "Levin, Felix"]
[Black "Leroy, Didier"]
[Result "1-0"]
[WhiteElo "2531"]
[BlackElo "2325"]
[PlyCount "59"]
[EventDate "1999.12.19"]
[Source "ChessBase"]
[SourceDate "2000.01.11"]

1. d4 Nf6 2. c4 g6 3. Nc3 d5 4. Nf3 Bg7 5. Qb3 dxc4 6. Qxc4 O-O 7. e4 Nc6 8. Be3 Ng4 9. e5 Na5 10. Qd5 c5 11. Qxc5 Nxe3 12. fxe3 Bg4 13. Be2 Rc8 14. Qb4 Bh6 15. Kf2 f6 16. Rhd1 b5 17. Qxb5 e6 18. exf6 Rxf6 19. Qe5 Nc4 20. Bxc4 Rxc4 21. Rac1 Rb4 22. b3 Rf5 23. Qe4 Qg5 24. Ne2 Bxf3 25. Rc8+ Bf8 26. gxf3 e5 27. Rg1 Qh5 28. Ng3 Qxh2+ 29. Rg2 Qh3 30. Nxf5 1-0

[Event "Hradec Kralove"]
[Site "Hradec Kralove"]
[Date "1981.??.??"]
[Round "5"]
[White "Lebredo, Gerardo"]
[Black "Jansa, Vlastimil"]
[Result "1/2-1/2"]
[WhiteElo "2375"]
[BlackElo "2480"]
[PlyCount "43"]
[EventDate "1981.10.??"]
[Source "ChessBase"]

1. d4 Nf6 2. c4 g6 3. Nc3 d5 4. Nf3 Bg7 5. Qb3 dxc4 6. Qxc4 O-O 7. e4 Nc6 8. Bf4 Nh5 9. Be3 Bg4 10. O-O-O Bxf3 11. gxf3 e5 12. d5 Nd4 13. f4 Nf3 14. f5 Qh4 15. fxg6 hxg6 16. Qxc7 Rfc8 17. Qxb7 Rab8 18. Qxa7 Ra8 19. Qb7 Rab8 20. Qa7 Ra8 21. Qb7 Rab8 22. Qa7 1/2-1/2

[Event "Bruxelles II"]
[Site "?"]
[Date "1986.??.??"]
[Round "?"]
[White "Farago, I."]
[Black "Goormachtigh, J."]
[Result "1-0"]
[WhiteElo "2520"]
[BlackElo "2335"]
[PlyCount "127"]
[EventDate "1986.??.??"]
[Source "ChessBase"]
[SourceDate "1986.07.01"]

1. d4 Nf6 2. c4 g6 3. Nc3 d5 4. Nf3 Bg7 5. Qb3 dxc4 6. Qxc4 O-O 7. e4 Nc6 8. Be2 Nd7 9. d5 Nb6 10. Qb3 Nd4 11. Nxd4 Bxd4 12. Bh6 Bg7 13. Bxg7 Kxg7 14. Rd1 Qd6 15. O-O g5 16. Nb5 Qe5 17. Qc2 c6 18. dxc6 bxc6 19. Nd4 Bd7 20. b3 f6 21. Nxc6 Bxc6 22. Qxc6 Qb2 23. Bb5 Qxa2 24. Qe6 Qa3 25. Ra1 Qc5 26. Bc6 Rad8 27. Rxa7 Nc8 28. Rd7 Rxd7 29. Bxd7 Nb6 30. Bc6 Rc8 31. Bd5 Nxd5 32. exd5 Rd8 33. Re1 Kf8 34. Qe4 Rxd5 35. Qxh7 Rd2 36. Qh6+ Kf7 37. Qh5+ Kf8 38. Qf3 Rc2 39. h3 Qb4 40. Qa8+ Kg7 41. Qe4 Qxe4 42. Rxe4 Kf7 43. g4 Rb2 44. Re3 Rb1+ 45. Kg2 Kf8 46. Kf3 Rb2 47. Rc3 Kf7 48. Ke3 Ke6 49. f4 gxf4+ 50. Kxf4 Kf7 51. Ke4 Kg6 52. Kd5 e5 53. h4 Rh2 54. b4 Rxh4 55. b5 Rxg4 56. b6 Rd4+ 57. Kc5 Rd8 58. b7 e4 59. Kb6 Rd1 60. Rc5 Rd8 61. Rc8 Rd1 62. b8=Q Rb1+ 63. Kc5 Rxb8 64. Rxb8 1-0

[Event "12.Seefeld(Casino) op"]
[Site "?"]
[Date "2001.09.22"]
[Round "8"]
[White "Farago Ivan"]
[Black "Schnitzspan Lothar"]
[Result "1-0"]
[WhiteElo "2504"]
[BlackElo "2341"]
[PlyCount "123"]
[EventDate "2001.??.??"]
[Source "www.chesslib.no"]
[SourceDate "2004.05.04"]

1. d4 Nf6 2. c4 g6 3. Nc3 d5 4. Nf3 Bg7 5. Qb3 dxc4 6. Qxc4 O-O 7. e4 Nc6 8. Be2 Nd7 9. d5 Nce5 10. Nxe5 Nxe5 11. Qb3 c6 12. O-O cxd5 13. exd5 b6 14. Bf4 Bb7 15. Rfe1 Nd7 16. Rad1 Nc5 17. Qc2 Qd7 18. Bb5 Qg4 19. Bg3 a6 20. Be2 Qc8 21. Bf3 Re8 22. Be5 Bxe5 23. Rxe5 e6 24. Bg4 f6 25. Re3 f5 26. b4 fxg4 27. bxc5 Qxc5 28. Qe2 Re7 29. dxe6 h5 30. Qd3 Kg7 31. Ne2 Rf8 32. Qd4+ Qxd4 33. Rxd4 Rc8 34. f3 gxf3 35. gxf3 Rc6 36. Rd7 Kf6 37. Nf4 Rc7 38. Rxc7 Rxc7 39. h4 Re7 40. Kg2 Kf5 41. Kg3 b5 42. Rc3 Kf6 43. Rc5 Rg7 44. Kf2 Re7 45. a3 Rg7 46. Ke3 Re7 47. Rg5 Rg7 48. Kd4 Bxf3 49. Kc5 Rg8 50. Kd6 Rd8+ 51. Kc7 Rd4 52. Rxg6+ Ke7 53. Rg7+ Kf6 54. Rf7+ Ke5 55. e7 Rc4+ 56. Kb6 Bc6 57. Rf8 Kd6 58. Ng6 b4 59. Rd8+ Ke6 60. Rc8 bxa3 61. Rxc6+ Rxc6+ 62. Kxc6 1-0

[Event "Boston op"]
[Site "Boston"]
[Date "1998.??.??"]
[Round "4"]
[White "Cherniack, Alex"]
[Black "Kudrin, Sergey"]
[Result "0-1"]
[WhiteElo "2270"]
[BlackElo "2565"]
[PlyCount "116"]
[EventDate "1998.??.??"]
[Source "www.chesslib.no"]
[SourceDate "2004.05.04"]

1. d4 Nf6 2. c4 g6 3. Nc3 d5 4. Nf3 Bg7 5. Qb3 dxc4 6. Qxc4 O-O 7. e4 Nc6 8. Be3 Ng4 9. Be2 Nxe3 10. fxe3 Na5 11. Qb4 b6 12. O-O Bb7 13. Rad1 Bh6 14. d5 Bxe3+ 15. Kh1 c5 16. dxc6 Nxc6 17. Qa4 Qb8 18. Nd5 Bc5 19. b4 Bd6 20. Bb5 Nd8 21. e5 Bxe5 22. Nxe7+ Kg7 23. Qb3 Bf6 24. Qe3 a6 25. Ba4 Ra7 26. Nd5 Bxd5 27. Rxd5 Re7 28. Qd2 Ne6 29. Rd1 Qf4 30. Rd7 Rxd7 31. Qxd7 Rd8 32. Qc6 Rxd1+ 33. Bxd1 Qxb4 34. h3 Nc5 35. Qd5 Qe4 36. Qxe4 Nxe4 37. Bc2 Nc3 38. a4 Kf8 39. Ne1 a5 40. Nd3 Ke7 41. Bb3 Bd4 42. g3 f6 43. h4 b5 44. axb5 a4 45. Bg8 h6 46. Kg2 a3 47. Nb4 Bc5 48. Nd3 Kd6 49. Nc1 Be3 50. Na2 Nxa2 51. Bxa2 h5 52. Kf3 Bd4 53. g4 hxg4+ 54. Kxg4 Kc5 55. h5 gxh5+ 56. Kxh5 Kxb5 57. Kg4 Kb4 58. Kf3 Kc3 0-1

[Event "Taca Brasilia CC 4th"]
[Site "Brasilia"]
[Date "2000.08.20"]
[Round "4"]
[White "Lima, Darcy"]
[Black "Tsuboi, Edson Kenji"]
[Result "1-0"]
[WhiteElo "2525"]
[BlackElo "2307"]
[PlyCount "51"]
[EventDate "2000.08.17"]
[Source "ChessBase"]
[SourceDate "2000.09.14"]

1. d4 Nf6 2. c4 g6 3. Nc3 d5 4. Nf3 Bg7 5. Qb3 dxc4 6. Qxc4 O-O 7. e4 Nc6 8. Be3 Ng4 9. e5 Be6 10. Qc5 Nxe3 11. fxe3 Bd7 12. O-O-O Bh6 13. d5 b6 14. Qc4 Bxe3+ 15. Kb1 Na5 16. Qe2 Bh6 17. h4 Bg4 18. h5 gxh5 19. Qc2 Bg7 20. Ng5 f5 21. exf6 Rxf6 22. Qxh7+ Kf8 23. Ne6+ Bxe6 24. dxe6 Qe8 25. Bd3 Rd8 26. Ne4 1-0

[Event "POL Ch 40th"]
[Site "Piotrkow Trybunalski"]
[Date "1983.02.12"]
[Round "1"]
[White "Sarwinski, Miroslaw"]
[Black "Schmidt, Wlodzimierz"]
[Result "1/2-1/2"]
[WhiteElo "2375"]
[BlackElo "2450"]
[PlyCount "22"]
[EventDate "1983.02.12"]
[Source "www.chesslib.no"]
[SourceDate "2004.05.04"]

1. d4 Nf6 2. c4 g6 3. Nc3 d5 4. Nf3 Bg7 5. Qb3 dxc4 6. Qxc4 O-O 7. e4 Nc6 8. Be3 Ng4 9. Rd1 Nxe3 10. fxe3 Bg4 11. Be2 e5 1/2-1/2

[Event "Brasilia Cup 3th"]
[Site "Brasilia"]
[Date "1999.08.21"]
[Round "4"]
[White "Lima, Darcy"]
[Black "Tsuboi, Edson Kenji"]
[Result "1-0"]
[WhiteElo "2488"]
[BlackElo "2322"]
[PlyCount "71"]
[EventDate "1999.08.19"]
[Source "www.chesslib.no"]
[SourceDate "2004.05.04"]

1. d4 Nf6 2. c4 g6 3. Nc3 d5 4. Nf3 Bg7 5. Qb3 dxc4 6. Qxc4 O-O 7. e4 Nc6 8. Be3 Ng4 9. O-O-O Nxe3 10. fxe3 Bd7 11. h4 Na5 12. Qc5 b6 13. Qg5 e6 14. Qg3 c5 15. h5 cxd4 16. exd4 Qe7 17. Kb1 b5 18. e5 Bc6 19. Bd3 Nc4 20. hxg6 hxg6 21. Nd2 Nxd2+ 22. Rxd2 Rfd8 23. Bc2 b4 24. Ne4 b3 25. axb3 Bxe4 26. Bxe4 Rab8 27. Rf2 Rxd4 28. Bxg6 fxg6 29. Qh2 Bh6 30. Qxh6 Qg7 31. Qg5 Rxb3 32. Rc2 Rb8 33. Rh6 Rg4 34. Qxg4 Qxh6 35. Qxe6+ Kh8 36. Rc3 1-0

[Event "Elit, Rockaden-Farsta"]
[Site "?"]
[Date "2000.11.18"]
[Round "4"]
[White "Hjelm Niclas"]
[Black "Barkhagen Jonas"]
[Result "1/2-1/2"]
[WhiteElo "2347"]
[BlackElo "2449"]
[PlyCount "78"]
[EventDate "2000.??.??"]
[Source "www.chesslib.no"]
[SourceDate "2004.05.04"]

1. d4 Nf6 2. Nf3 g6 3. c4 Bg7 4. Nc3 d5 5. Qb3 dxc4 6. Qxc4 O-O 7. e4 Nc6 8. Bf4 Nh5 9. Be3 Bg4 10. d5 Na5 11. Qb4 Bxf3 12. gxf3 b6 13. O-O-O Qd6 14. Qxd6 cxd6 15. Nb5 Rfc8+ 16. Kb1 Nc4 17. Bxc4 Rxc4 18. b3 Rc5 19. Na3 Rf8 20. Bxc5 bxc5 21. Nc4 Nf4 22. e5 e6 23. dxe6 d5 24. exf7+ Kxf7 25. e6+ Ke7 26. Nb2 Bd4 27. Rd2 Nxe6 28. Re2 Kd6 29. Rhe1 Nf4 30. Re8 Rf7 31. Rd8+ Kc7 32. Ree8 Ne6 33. Rxd5 Kc6 34. Rxd4 Nxd4 35. Nd3 Nxf3 36. Rc8+ Kd5 37. Rd8+ Kc6 38. Rc8+ Kd5 39. Rd8+ Kc6 1/2-1/2

[Event "Valle d'Aosta op 9th"]
[Site "Saint Vincent"]
[Date "2001.02.03"]
[Round "1"]
[White "Epishin, Vladimir"]
[Black "Schaefer, Michael"]
[Result "1-0"]
[WhiteElo "2578"]
[BlackElo "2208"]
[PlyCount "67"]
[EventDate "2001.02.03"]
[Source "ChessBase"]
[SourceDate "2001.03.08"]

1. d4 Nf6 2. c4 g6 3. Nc3 d5 4. Nf3 Bg7 5. Qb3 dxc4 6. Qxc4 O-O 7. e4 Nc6 8. Be2 Nd7 9. Be3 Nb6 10. Qc5 Nd7 11. Qg5 e5 12. Qxd8 Rxd8 13. O-O-O exd4 14. Nxd4 Nde5 15. Ndb5 Bd7 16. Nxc7 Rac8 17. N7d5 Ng4 18. Bxg4 Bxg4 19. f3 Be6 20. g4 Rf8 21. Rhe1 b5 22. Kb1 b4 23. Nb5 Rb8 24. Nbc7 b3 25. a3 Rb7 26. Rc1 Ne5 27. Red1 Rfb8 28. Na6 Rf8 29. Nc5 Rb5 30. Nc7 Bc4 31. Rxc4 Nxc4 32. Nxb5 Nxe3 33. Rc1 Rb8 34. Nd7 1-0

[Event "Havana"]
[Site "Havana"]
[Date "1982.??.??"]
[Round "11"]
[White "Lebredo, Gerardo"]
[Black "Sisniega, Marcel"]
[Result "1/2-1/2"]
[WhiteElo "2345"]
[BlackElo "2440"]
[PlyCount "44"]
[EventDate "1982.??.??"]
[Source "ChessBase"]

1. d4 Nf6 2. c4 g6 3. Nc3 d5 4. Nf3 Bg7 5. Qb3 dxc4 6. Qxc4 O-O 7. e4 Nc6 8. Bf4 Nh5 9. Be3 Bg4 10. O-O-O Bxf3 11. gxf3 e5 12. d5 Nd4 13. f4 Nf3 14. f5 Qh4 15. fxg6 hxg6 16. Qxc7 Rfc8 17. Qxb7 Rab8 18. Qxa7 Ra8 19. Qb7 Rab8 20. Qa7 Ra8 21. Qb7 Rab8 22. Qa7 Ra8 1/2-1/2

[Event "6th HIT Open, Nova Gorica SLO"]
[Site "?"]
[Date "2001.??.??"]
[Round "8"]
[White "Kozul, Z."]
[Black "Borisek, J."]
[Result "1-0"]
[WhiteElo "2590"]
[BlackElo "2185"]
[PlyCount "79"]
[EventDate "2001.??.??"]
[Source "www.chesslib.no"]
[SourceDate "2004.05.04"]

1. d4 Nf6 2. Nf3 g6 3. c4 Bg7 4. Nc3 d5 5. Qb3 dxc4 6. Qxc4 O-O 7. e4 Nc6 8. e5 Nd7 9. Be3 Nb6 10. Qc5 a5 11. Be2 Nb4 12. O-O c6 13. Ne4 Bf5 14. Ng3 Bd3 15. Bd2 Nd7 16. Qc1 Bxe2 17. Nxe2 c5 18. a3 Na6 19. Bh6 cxd4 20. Bxg7 Kxg7 21. Rd1 Qb6 22. Nexd4 Ndc5 23. Qg5 f6 24. Qe3 a4 25. h4 h5 26. Rd2 Rac8 27. Re1 Rc7 28. Qf4 f5 29. Ng5 e6 30. Qe3 Re7 31. Ne2 Qb3 32. Nf4 Qxe3 33. Rxe3 Nc7 34. Rc3 b6 35. Rg3 Nb5 36. Nf3 Ne4 37. Rxg6+ Kf7 38. Ng5+ Nxg5 39. hxg5 Nc7 40. Rf6+ 1-0

[Event "Borzhomi"]
[Site "Borzhomi"]
[Date "1988.??.??"]
[Round "?"]
[White "Janjgava, Lasha"]
[Black "Khenkin, Igor"]
[Result "0-1"]
[WhiteElo "2425"]
[BlackElo "2340"]
[PlyCount "64"]
[EventDate "1988.??.??"]
[Source "www.chesslib.no"]
[SourceDate "2004.05.04"]

1. d4 Nf6 2. Nf3 g6 3. c4 Bg7 4. Nc3 d5 5. Qb3 dxc4 6. Qxc4 O-O 7. e4 Nc6 8. Be2 Nd7 9. d5 Nde5 10. Nxe5 Nxe5 11. Qb3 e6 12. O-O exd5 13. exd5 c6 14. Be3 cxd5 15. Nxd5 Be6 16. Rfd1 b6 17. Qb5 Qh4 18. Nc7 a6 19. Qxb6 Rab8 20. Qxa6 Bc8 21. Qa5 Rxb2 22. Qe1 Bb7 23. Nd5 Re8 24. h3 Nc4 25. Bf3 Na3 26. Qa5 Nc2 27. Rab1 Nxe3 28. fxe3 Bxd5 29. Bxd5 Rxb1 30. Rxb1 Rxe3 31. Bc4 Be5 32. Rf1 Rxh3 0-1

[Event "Staffordshire IM"]
[Site "Lichfield"]
[Date "2000.07.12"]
[Round "7"]
[White "Richardson, John R"]
[Black "Ernst, Sipke"]
[Result "0-1"]
[WhiteElo "2331"]
[BlackElo "2392"]
[PlyCount "66"]
[EventDate "2000.07.06"]
[Source "ChessBase"]
[SourceDate "2000.09.14"]

1. c4 Nf6 2. Nc3 d5 3. d4 g6 4. Nf3 Bg7 5. Qb3 dxc4 6. Qxc4 O-O 7. e4 Nc6 8. d5 Na5 9. Qc5 c6 10. dxc6 Nxc6 11. Be2 Bg4 12. Be3 Nd7 13. Qa3 Bxf3 14. Bxf3 Nde5 15. Be2 Qa5 16. Qxa5 Nxa5 17. Rd1 Rfc8 18. Nd5 Rc2 19. Bd2 Nec4 20. Bxa5 Nxa5 21. b4 Nc6 22. b5 Nb4 23. Nxe7+ Kf8 24. Nd5 Nxd5 25. Rxd5 Rxa2 26. Bd1 Bc3+ 27. Kf1 Re8 28. f3 Ba5 29. Rd7 Rc8 30. h4 Bb6 31. h5 g5 32. g3 Rc3 33. h6 Re3 0-1

[Event "Novosibirsk"]
[Site "Novosibirsk RUS"]
[Date "1989.??.??"]
[Round "?"]
[White "Levin, Felix"]
[Black "Karasev, Vladimir I"]
[Result "0-1"]
[WhiteElo "2320"]
[BlackElo "2370"]
[PlyCount "44"]
[EventDate "1989.??.??"]
[Source "www.chesslib.no"]
[SourceDate "2004.05.04"]

1. d4 Nf6 2. c4 g6 3. Nc3 d5 4. Nf3 Bg7 5. Qb3 dxc4 6. Qxc4 O-O 7. e4 Nc6 8. Bf4 Nd7 9. Nd5 Nxd4 10. Bxc7 Nxf3+ 11. gxf3 Qe8 12. Qb4 Ne5 13. Nxe7+ Kh8 14. O-O-O Nc6 15. Nxc6 Qxc6+ 16. Qc4 Qxc4+ 17. Bxc4 Bh3 18. Kb1 Rfc8 19. Bxf7 Rxc7 20. Bd5 Bg2 21. Rhg1 Bxf3 22. Rd3 Rf8 0-1

[Event "Tirnavia-B"]
[Site "Trnava SVK"]
[Date "1987.??.??"]
[Round "3"]
[White "Cervenka, Imrich"]
[Black "Spiridonov, Nikola"]
[Result "1/2-1/2"]
[WhiteElo "2250"]
[BlackElo "2420"]
[PlyCount "31"]
[EventDate "1987.??.??"]
[Source "www.chesslib.no"]
[SourceDate "2004.05.04"]

1. d4 Nf6 2. c4 g6 3. Nc3 d5 4. Nf3 Bg7 5. Qb3 dxc4 6. Qxc4 O-O 7. e4 Nc6 8. Be2 Nd7 9. Be3 Nb6 10. Qc5 f5 11. Rd1 fxe4 12. Nxe4 e6 13. Qc1 Nb4 14. a3 N4d5 15. Bg5 Qe8 16. O-O 1/2-1/2

[Event "Oberliga Nord W 9596"]
[Site "GER"]
[Date "1995.11.05"]
[Round "2.1"]
[White "Jugelt, Tobias"]
[Black "Joachim, Sven"]
[Result "1/2-1/2"]
[WhiteElo "2280"]
[BlackElo "2380"]
[PlyCount "106"]
[EventDate "1995.10.??"]
[Source "www.chesslib.no"]
[SourceDate "2004.05.04"]

1. d4 Nf6 2. c4 g6 3. Nc3 d5 4. Nf3 Bg7 5. Qb3 dxc4 6. Qxc4 O-O 7. e4 Nc6 8. h3 Nd7 9. d5 Nce5 10. Nxe5 Nxe5 11. Qb3 e6 12. Be3 exd5 13. exd5 c6 14. O-O-O cxd5 15. Rxd5 Qf6 16. Bd4 Be6 17. Bxe5 Qxe5 18. Rxe5 Bxb3 19. Rb5 Be6 20. Rxb7 Rfd8 21. Kc2 Bf5+ 22. Kb3 Rab8 23. Rb5 a6 24. Rb4 Be6+ 25. Ka4 Rxb4+ 26. Kxb4 Rb8+ 27. Kc5 Rxb2 28. Ne4 Rxa2 29. Bd3 h6 30. g4 Be5 31. Rb1 a5 32. Kb5 Bd7+ 33. Kc5 Be6 34. Kb5 Bd4 35. f4 f5 36. gxf5 gxf5 37. Nd6 Rf2 38. Bxf5 Ba2 39. Rd1 Rxf4 40. Kxa5 Bb3 41. Rd3 Bf7 42. Be4 Bg7 43. Rf3 Rxf3 44. Bxf3 Bg6 45. Kb6 Be5 46. Nc4 Bf4 47. Kc5 Kf7 48. Kd4 Kf6 49. Ne3 Kg5 50. Ng2 Bg3 51. Ke3 Bf5 52. h4+ Bxh4 53. Nxh4 Kxh4 1/2-1/2

[Event "Schneider Bohemia Open, Pilsen CZE"]
[Site "?"]
[Date "2001.??.??"]
[Round "7"]
[White "Bender, I."]
[Black "Konopka, M."]
[Result "0-1"]
[WhiteElo "2180"]
[BlackElo "2475"]
[PlyCount "54"]
[EventDate "2001.??.??"]
[Source "www.chesslib.no"]
[SourceDate "2004.05.04"]

1. d4 Nf6 2. c4 g6 3. Nc3 d5 4. Nf3 Bg7 5. Qb3 dxc4 6. Qxc4 O-O 7. e4 Nc6 8. h3 Nd7 9. Be3 Nb6 10. Qd3 f5 11. Qd2 fxe4 12. Nxe4 Bf5 13. Nc5 Qd5 14. Rc1 e5 15. Na4 Kh8 16. Nxb6 axb6 17. Bc4 Qe4 18. dxe5 Rad8 19. Qe2 Nxe5 20. Nxe5 Qxe5 21. Bg5 Qa5+ 22. Bd2 Rxd2 23. Qxd2 Re8+ 24. Be2 Qxd2+ 25. Kxd2 Bh6+ 26. Kc3 Bxc1 27. Bb5 Re5 0-1

[Event "Chianciano tt"]
[Site "Chianciano ITA"]
[Date "1989.??.??"]
[Round "?"]
[White "Marinelli, Tullio"]
[Black "Rogulj, Branko"]
[Result "1-0"]
[WhiteElo "2260"]
[BlackElo "2395"]
[PlyCount "49"]
[EventDate "1989.??.??"]
[Source "www.chesslib.no"]
[SourceDate "2004.05.04"]

1. d4 Nf6 2. c4 g6 3. Nc3 d5 4. Nf3 Bg7 5. Qb3 dxc4 6. Qxc4 O-O 7. e4 Nc6 8. Bf4 Nd7 9. Rd1 Nb6 10. Qc5 Bg4 11. Nb5 Bxf3 12. gxf3 Nd7 13. Qc1 a6 14. d5 Nce5 15. Nd4 Nb6 16. Rg1 Qd6 17. Be2 Rac8 18. Kf1 Qd7 19. Rg3 c5 20. Nf5 Bf6 21. d6 Qe6 22. dxe7 Bxe7 23. Qc3 f6 24. Nxe7+ Qxe7 25. Qb3+ 1-0

[Event "HUN Team Ch"]
[Site "HUN"]
[Date "1992.??.??"]
[Round "4"]
[White "Karolyi, Tibor jr"]
[Black "Bagonyai, Attila"]
[Result "1/2-1/2"]
[WhiteElo "2365"]
[BlackElo "2280"]
[PlyCount "37"]
[EventDate "1992.??.??"]
[Source "www.chesslib.no"]
[SourceDate "2004.05.04"]

1. d4 Nf6 2. c4 g6 3. Nc3 d5 4. Nf3 Bg7 5. Qb3 dxc4 6. Qxc4 O-O 7. e4 Nc6 8. Bf4 Nh5 9. Be3 Bg4 10. d5 Bxf3 11. dxc6 Bxc3+ 12. bxc3 b5 13. Qc5 Bxe4 14. f3 Bc2 15. Bxb5 a6 16. Bc4 Qd6 17. Bb3 Bxb3 18. axb3 Qe6 19. O-O 1/2-1/2

[Event "Dubai ol (Men)"]
[Site "Dubai UAE"]
[Date "1986.??.??"]
[Round "1"]
[White "Hook, William"]
[Black "Yrjola, Jouni"]
[Result "0-1"]
[WhiteElo "2205"]
[BlackElo "2440"]
[PlyCount "80"]
[EventDate "1986.11.??"]
[Source "www.chesslib.no"]
[SourceDate "2004.05.04"]

1. d4 Nf6 2. c4 g6 3. Nc3 d5 4. Nf3 Bg7 5. Qb3 dxc4 6. Qxc4 O-O 7. e4 Nc6 8. h3 e5 9. dxe5 Nd7 10. Bg5 Qe8 11. O-O-O Ndxe5 12. Nxe5 Be6 13. Qa4 Nxe5 14. Qxe8 Raxe8 15. f4 h6 16. Bh4 g5 17. Bf2 gxf4 18. Bc5 c6 19. Bxf8 Kxf8 20. Kc2 b5 21. b3 a5 22. a4 b4 23. Nb1 f5 24. Nd2 fxe4 25. Nxe4 Bf5 26. Re1 Rd8 27. Kc1 Rd4 28. Nd2 Kg8 29. Ba6 Nd3+ 30. Bxd3 Rxd3 31. Rhf1 Rc3+ 32. Kd1 Bc2+ 33. Ke2 Bd3+ 34. Kd1 Bc2+ 35. Ke2 Re3+ 36. Kf2 Bd4 37. Nf3 Bb6 38. Rxe3 fxe3+ 39. Ke2 Bxb3 40. Rc1 Bxa4 0-1